LEADER 01417nam a2200325 a 4500 001 991004030139707536 008 030228s riu 000 0 eng d 020 $a0821828037 (alk. paper) 035 $ab11901081-39ule_inst 084 $aLC QC174.26.W28 084 $a510.53 084 $a53.1.34 084 $a510.35 111 2 $aAARMS-CRM Workshop$d<1999 ;$cHalifax, N.S., Canada>$0532765 245 10$aBäcklund and Darboux transformations :$bthe geometry of solitons : AARMS-CRM Workshop, June 4-9, 1999, Halifax, N.S., Canada /$cAlan Coley ... [et al.], eds. 260 $aProvidence, R.I. :$bAmerican Mathematical Society,$cc2001 300 $axx, 436 p. :$bill. ;$c26 cm 490 0 $aCRM proceedings and lecture notes,$x1065-8580 ;$v29 504 $aIncludes bibliographical references. 650 0$aSolitons$xCongresses 650 0$aBäcklund transformations$xCongresses 650 0$aDarboux transformations$xCongresses 650 0$aGeometry, Differential$xCongresses 700 1 $aColey, A. A.$eauthor$4http://id.loc.gov/vocabulary/relators/aut$0312386 907 $a.b11901081$b28-04-17$c28-02-03 912 $a991004030139707536 945 $aLE006 510.34/510.39 COL$g1$i2006000088299$lle006$o-$pE138.54$q-$rl$s- $t0$u0$v0$w0$x0$y.i12164100$z28-02-03 996 $aBäcklund and Darboux transformations$93370266 997 $aUNISALENTO 998 $ale006$b28-02-03$cm$da $e-$feng$griu$h0$i1 LEADER 02188nas 2200601-a 450 001 996320963203316 005 20240413021217.0 011 $a0975-1025 035 $a(CKB)954928606122 035 $a(CONSER)sn-90021263- 035 $a(DE-599)ZDB2501658-1 035 $a(EXLCZ)99954928606122 100 $a19900719a19909999 --- a 101 0 $aeng 181 $ctxt$2rdacontent 182 $cc$2rdamedia 183 $acr$2rdacarrier 200 00$aIndian journal of fibre & textile research 210 $aNew Delhi $cPublications & Information Directorate, CSIR$dc1990- 215 $a1 online resource 300 $aTitle from cover. 300 $aIssues for <2000-> published by the: National Institute of Science Communication, CSIR. 300 $aRefereed/Peer-reviewed 311 $aPrint version: Indian journal of fibre & textile research. (DLC)sn 90021263 (OCoLC)22102377 0971-0426 320 $aIncludes bibliographical references. 531 $aINDIAN J FIBRE TEXT TES 531 $aINDIAN J FIBRE TEXT 531 $aINDIAN J FIBRE TEXT RES 531 $aI J FIBRE T 531 $aINDIAN JOURNAL OF FIBRE AND TEXTILE RESEARCH 531 $aINDIAN J. FIBRE TEXT. TES 531 0 $aIndian j. fibre text. res. 606 $aTextile fibers$zIndia$vPeriodicals 606 $aTextile research$zIndia$vPeriodicals 606 $aTextile chemistry$vPeriodicals 606 $aTextile chemistry$2fast$3(OCoLC)fst01148599 606 $aTextile fibers$2fast$3(OCoLC)fst01148791 606 $aTextile research$2fast$3(OCoLC)fst01148949 607 $aIndia$2fast 608 $aPeriodicals.$2fast 615 0$aTextile fibers 615 0$aTextile research 615 0$aTextile chemistry 615 7$aTextile chemistry. 615 7$aTextile fibers. 615 7$aTextile research. 712 02$aCouncil of Scientific & Industrial Research (India).$bPublications & Information Directorate. 712 02$aNational Institute of Science Communication (New Delhi, India) 906 $aJOURNAL 912 $a996320963203316 920 $aexl_impl conversion 996 $aIndian journal of fibre & textile research$92132369 997 $aUNISA